| 000 | 00546nam a2200181Ia 4500 | ||
|---|---|---|---|
| 008 | 090124s9999 xx 000 0 und d | ||
| 082 | _b38275 | ||
| 100 | _aबोकील मिलिंद | ||
| 245 | _a झेन गार्डन | ||
| 250 | _a1 | ||
| 260 |
_bमौज प्रकाशन गृह _c2000 |
||
| 300 | _a232 | ||
| 600 | _aबोकील मिलिंद | ||
| 630 | _a झेन गार्डन | ||
| 700 | _aबोकील मिलिंद | ||
| 730 | _a झेन गार्डन | ||
| 942 | _cBOOK | ||
| 999 |
_c104285 _d104285 |
||